15 najbardziej dotkniętych krajów Covid-19 - 5 mar 2021 - Statystyki

Ogólne statystyki
  • Ten quiz został rozwiązany 44 razy
  • Średni wynik to 13 z 27
Statystyki odpowiedzi
kraj % Poprawnych
Polska
98%
Stany Zjednoczone
95%
Niemcy
81%
Francja
76%
Hiszpania
74%
Rosja
74%
Włochy
69%
Brazylia
64%
Meksyk
64%
Indie
62%
Wielka Brytania
62%
Argentyna
52%
Szwecja
52%
Portugalia
50%
Czechy
45%
Belgia
38%
Turcja
38%
Holandia
36%
Iran
26%
Szwajcaria
24%
Litwa
21%
Kolumbia
19%
Słowenia
17%
Gruzja
10%
Izrael
10%
Bahrajn
2%
Panama
2%
Nie znaleziono quizów pasujących do podanych kryteriów
Rozkład punktacji
Procent ludzi z każdym wynikiem
Percentyl według liczby udzielonych odpowiedzi
Twoja historia wyników
Nie rozwiązałeś tego quizu